| 000 | 01329nam0a2200361 4500 | ||
|---|---|---|---|
| 001 | RU\NLR\BIBL_A\011856985 | ||
| 005 | 20190402131453.0 | ||
| 010 |
_a978-5-04-093133-0 _92000 |
||
| 021 |
_aRU _bКН-П-18-076487 _9КН-П-18-5524 |
||
| 035 | _a(NLR Aleph) 011856985 | ||
| 035 | _a(RuMoRGB)009770267 | ||
| 090 |
_a12131790 _c12131790 |
||
| 100 | _a20181107d2018 u y0rusy50 ca | ||
| 101 | 1 |
_arus _ceng |
|
| 102 | _aRU | ||
| 105 | _a |||z|||001zy | ||
| 200 | 1 |
_aЖиви в ритме Вселенной _e111 способов повысить уровень своих энергетических вибраций _fКайл Грей _g[пер. с англ. Е. Катаевой] |
|
| 210 |
_aМосква _cЭксмо _d2018 |
||
| 215 |
_a286 с. _cил. _d21 |
||
| 320 | _aАлф. указ.: с. 281-286 | ||
| 333 | _a16+ | ||
| 606 | 1 |
_aДуховные практики _jПопулярные издания _92140377 _3RU\NLR\AUTH\661290122 |
|
| 606 | 1 |
_aЭзотерические учения _91568890 _3RU\NLR\AUTH\66986948 |
|
| 686 | 1 | _aЮ969я9 | |
| 686 | 1 | _aЮ937.23я9 | |
| 686 | 2 | _aЭ391,0 | |
| 700 | 1 |
_aГрей _bК. _gКайл |
|
| 942 | _cBOOK | ||
| 980 | _aNBR | ||
| 980 | _aNB | ||